000 00653nam a2200217Ia 4500
005 20241129111111.0
008 241129s9999||||xx |||||||||||||| ||und||
020 _a978-1-032-23431-1
037 _aTB
040 _aCRL
_beng
_cCRL
041 _aeng
_2eng
084 _aV2:2 R2
_qCRL
100 _aChetan Achyut Au.
_9723303
245 0 _aFounding mothers of the Indian republic: gender politics of the framing of the constitution
_cChetan Achyut Au.
260 _aCambridge, UK
_bUniversity Press
_c2022
300 _axxvi,335p.
365 _aINR
_b1295
650 _aIndian History
942 _cTB
_hV2:2 R2
999 _c1228924
_d1228924